Statistics for Top 15 Celebrities Born In 1967

Click here to take the quiz!

General Stats

  • This quiz has been taken 121 times
    (83 since last reset)
  • The average score is 8 of 15

Answer Stats

Answer% Correct
Vin Diesel
85%
Julia Roberts
77%
Will Ferrell
74%
Kurt Cobain
73%
Nicole Kidman
71%
Jamie Foxx
65%
Pamela Anderson
65%
Matt LeBlanc
55%
Mark Ruffalo
52%
Vanilla Ice
48%
Jimmy Kimmel
47%
Laura Dern
29%
David Guetta
27%
Lauren Graham
21%
Tim Mcgraw
19%

Score Distribution

Percentile by Number Answered

Percent of People with Each Score

Your Score History

You have not taken this quiz since the last reset